Подробности
| 000 -МАРКЕР |
| контрольное поле |
03724nam2a2200361 4500 |
| 001 - ИДЕНТИФИКАТОР ЗАПИСИ |
| контрольное поле |
RU\NLR\BIBL_A\011818064 |
| 005 - ИДЕНТИФИКАТОР ВЕРСИИ |
| контрольное поле |
20220822172731.0 |
| 010 ## - МЕЖДУНАРОДНЫЙ СТАНДАРТНЫЙ НОМЕР КНИГИ (ISBN) |
| Номер (ISBN) |
978-5-8038-1302-6 |
| Тираж |
100 |
| 021 ## - НОМЕР ГОСУДАРСТВЕННОЙ РЕГИСТРАЦИИ |
| Код страны |
Российская Федерация |
| Номер |
КН-П-18-066756 |
| Номер Листа государственной регистраци |
КН-П-18-4809 |
| 035 ## - ДРУГИЕ СИСТЕМНЫЕ НОМЕРА |
| Идентификатор записи |
(NLR Aleph) 011818064 |
| 035 ## - ДРУГИЕ СИСТЕМНЫЕ НОМЕРА |
| Идентификатор записи |
(RuMoRGB)009739377 |
| 100 ## - ДАННЫЕ ОБЩЕЙ ОБРАБОТКИ |
| Данные общей обработки |
20181011d2018 k y0rusy50 ca |
| 101 0# - ЯЗЫК РЕСУРСА |
| Язык текста, звукозаписи и т.д. |
русский |
| -- |
английский |
| 102 ## - СТРАНА ПУБЛИКАЦИИ ИЛИ ПРОИЗВОДСТВА |
| Страна публикации |
Российская Федерация |
| 105 ## - ПОЛЕ КОДИРОВАННЫХ ДАННЫХ: ТЕКСТОВЫЕ МАТЕРИАЛЫ, МОНОГРАФИЧЕСКИЕ |
| Кодированные данные о монографическом текстовом документе |
a z 100zy |
| 200 0# - ЗАГЛАВИЕ И СВЕДЕНИЯ ОБ ОТВЕТСТВЕННОСТИ |
| Основное заглавие |
Вып. 18 |
| Сведения, относящиеся к заглавию |
материалы Всероссийской научно-технической конференции с международным участием "Геонауки - 2018: актуальные проблемы изучения недр", посвященной памяти профессора В. Д. Маца |
| Первые сведения об ответственности |
[редакционная коллегия: ответственный редактор Иванова Р. Н., доц. и др.] |
| 210 ## - ПУБЛИКАЦИЯ, РАСПРОСТРАНЕНИЕ И ДР. |
| Дата издания, распространения и т.д. |
2018 |
| 215 ## - ФИЗИЧЕСКАЯ ХАРАКТЕРИСТИКА |
| Специфическое обозначение материала и объем |
346 с. |
| Другие сведения о физической характеристике |
ил., табл. |
| 300 ## - ОБЩИЕ ПРИМЕЧАНИЯ |
| Текст примечания |
Часть текста англ. |
| 320 ## - ПРИМЕЧАНИЯ О НАЛИЧИИ В ДОКУМЕНТЕ БИБЛИОГРАФИИ / УКАЗАТЕЛЯ |
| Текст примечания |
Библиогр. в конце ст. |
| 461 #0 - УРОВЕНЬ НАБОРА |
| Встроенное поле |
001RU\NLR\BIBL_A\011470535 |
| -- |
2001#$aГеология, поиски и разведка полезных ископаемых и методы геологических исследований$e[сборник конференций$fредакционная коллегия: Б. Л. Тальгамер, проф. (главный редактор) и др.]$vВып. 18 |
| Системный номер (АБИС) связанной записи |
11852476 |
| Место публикации |
Иркутск |
| Дата публикации |
2017 |
| Первые сведения об ответственности |
редакционная коллегия: Б. Л. Тальгамер, проф. (главный редактор) и др.] |
| Имя издателя, распространителя и т.д. |
Изд-во Иркутского национального исследовательского технического университета |
| Сведения, относящиеся к заглавию |
[сборник конференций |
| Заглавие |
Геология, поиски и разведка полезных ископаемых и методы геологических исследований |
| Номер тома |
Вып. 18 |
| 600 #1 - ИМЯ ЛИЦА КАК ПРЕДМЕТ |
| Начальный элемент ввода |
Мац |
| Часть имени, кроме начального элемента ввода |
В.Д. |
| Даты |
1927 |
| Расширение инициалов личного имени |
Виктор Давыдович |
| Системный номер авторитетной/нормативной записи |
2385771 |
| Идентификатор авторитетной/нормативной записи |
RU\NLR\AUTH\6601643832 |
| 686 1# - ИНДЕКСЫ ДРУГИХ КЛАССИФИКАЦИЙ |
| Индекс |
Д3д(2)Мац |
| 702 #1 - ИМЯ ЛИЦА - ВТОРИЧНАЯ ОТВЕТСТВЕННОСТЬ |
| Код отношения |
Редактор |
| Графика поля |
Кириллица |
| Материалы, к которым относится поле |
rus |
| Начальный элемент ввода |
Иванова |
| Часть имени, кроме начального элемента ввода |
Р. Н. |
| Дополнения к именам, кроме дат |
канд. геол.-минерал. наук |
| Расширение инициалов личного имени |
Раиса Николаевна |
| Системный номер авторитетной/нормативной записи |
107451 |
| Идентификатор авторитетной/нормативной записи |
RU\NLR\AUTH\77124526 |
| 702 #1 - ИМЯ ЛИЦА - ВТОРИЧНАЯ ОТВЕТСТВЕННОСТЬ |
| Код отношения |
Прочие |
| Начальный элемент ввода |
Мац |
| Часть имени, кроме начального элемента ввода |
В. Д. |
| Дополнения к именам, кроме дат |
д-р геол.-минерал. наук |
| Даты |
1927- |
| Расширение инициалов личного имени |
Виктор Давыдович |
| Системный номер авторитетной/нормативной записи |
196665 |
| Идентификатор авторитетной/нормативной записи |
RU\NLR\AUTH\770196716 |
| 711 12 - НАИМЕНОВАНИЕ ОРГАНИЗАЦИИ - АЛЬТЕРНАТИВНАЯ ОТВЕТСТВЕННОСТЬ |
| Начальный элемент ввода |
"Геонауки - 2018", всероссийская научно-техническая конференция с международным участием |
| Место проведения временной организации |
Иркутск |
| Системный номер авторитетной/нормативной записи |
627955 |
| Идентификатор авторитетной/нормативной записи |
RU\NLR\AUTH\880483767 |
| 942 ## - ДОПОЛНИТЕЛЬНЫЕ ЭЛЕМЕНТЫ ЗАПИСИ (АБИС) |
| Тип экземпляра АБИС |
Книга |
| 980 ## - КОЛЛЕКЦИЯ |
| Название коллекции |
Национальная библиография |